logo

Bir Sreshtho Munshi Abdur Rouf Library
Jhenaidah Cadet College

The World at A Glance / (Record no. 5140)

MARC details
000 -LEADER
fixed length control field 00528nam a2200217 a 4500
001 - CONTROL NUMBER
JCCL Control Number 5140
003 - CONTROL NUMBER IDENTIFIER
JCCL marc code BD-JhCC
005 - DATE AND TIME OF LATEST TRANSACTION
control field 20180212190937.0
008 - FIXED-LENGTH DATA ELEMENTS--GENERAL INFORMATION
fixed length control field 171209s1977 bg |||| ||a| 000 0 eng d
035 ## - SYSTEM CONTROL NUMBER
system control number (BD-JhCC) 5140
040 ## - CATALOGING SOURCE
Original cataloging agency BD-JhCC
Modifying agency BD-JhCC
041 ## - LANGUAGE CODE
Language code of Book eng
082 ## - DEWEY DECIMAL CLASSIFICATION NUMBER
Classification number 907
Author mark and Year WOR 1977
245 ## - TITLE STATEMENT
Title The World at A Glance /
Statement of responsibility, etc Dr. M.A. Aziz...[et.all]
260 ## - PUBLICATION, DISTRIBUTION, ETC. (IMPRINT)
Place of publication, distribution, etc Dhaka :
Date of publication, distribution, etc 1977
300 ## - PHYSICAL DESCRIPTION
Pagination 186 p .:
Dimensions 20 cm .
650 ## - SUBJECT ADDED ENTRY--TOPICAL TERM
Topical term or geographic name as entry element World History
Form subdivision Facts
700 ## - ADDED ENTRY--PERSONAL NAME
Personal name Aziz, M.A.
942 ## - ADDED ENTRY ELEMENTS (KOHA)
Source of classification or shelving scheme Dewey Decimal Classification
Koha item type Books
Holdings
Source of classification or shelving scheme Damaged status Not for loan Home library Current library Shelving location Date of accession Cost, normal purchase price Total Checkouts Full call number Barcode Date last seen Copy number Koha item type
Dewey Decimal Classification     JCC Rouf Library JCC Rouf Library General Stacks 12/09/2017 18.00   907 WOR 1977 7152 12/09/2017 C-1 Books
Dewey Decimal Classification     JCC Rouf Library JCC Rouf Library General Stacks   18.00   907 WOR 1977 10298 02/12/2018 C-2 Books
Dewey Decimal Classification     JCC Rouf Library JCC Rouf Library General Stacks   18.00   907 WOR 1977 10299 02/12/2018 C-3 Books
Dewey Decimal Classification     JCC Rouf Library JCC Rouf Library General Stacks   18.00   907 WOR 1977 10300 02/12/2018 C-4 Books
Dewey Decimal Classification     JCC Rouf Library JCC Rouf Library General Stacks   18.00   907 WOR 1977 10318 02/12/2018 C-5 Books
Dewey Decimal Classification     JCC Rouf Library JCC Rouf Library General Stacks   18.00   907 WOR 1977 10297 02/12/2018 C-6 Books
Dewey Decimal Classification     JCC Rouf Library JCC Rouf Library General Stacks   18.00   907 WOR 1977 10296 02/12/2018 C-7 Books
Dewey Decimal Classification     JCC Rouf Library JCC Rouf Library General Stacks   18.00   907 WOR 1977 10317 02/12/2018 C-8 Books
Dewey Decimal Classification     JCC Rouf Library JCC Rouf Library General Stacks   18.00   907 WOR 1977 10316 02/12/2018 C-9 Books
Dewey Decimal Classification     JCC Rouf Library JCC Rouf Library General Stacks   18.00   907 WOR 1977 10315 02/12/2018 C-10 Books
Dewey Decimal Classification     JCC Rouf Library JCC Rouf Library General Stacks   18.00   907 WOR 1977 10314 02/20/2018 C-11 Books

JCC Library | Contacts | JCC Home

Last Update on 23 September 2017
Copyright @ 2017-2020 JCC Rouf Library
Rouf Library, Jhenidah Cadet College (JCC), Bangladesh